Anti-maladies et parasites (notice nᵒ 24848)
[ vue normale ]
| 000 -LEADER | |
|---|---|
| fixed length control field | 00657nam a2200193zi 4500 |
| 005 - DATE AND TIME OF LATEST TRANSACTION | |
| control field | 20171023091313.0 |
| 020 ## - ISBN | |
| ISBN | 978-2-03-584053-0 |
| 037 ## - SOURCE D'ACQUISITION | |
| Cote | BC_690 97 |
| Forme de support | Autres |
| 040 ## - SOURCE DU CATALOGAGE | |
| Origine cataloguage | BC-ENSA |
| Langue du catalogage | fre |
| 041 ## - CODE DE LANGUE | |
| Langue | Français |
| 100 ## - VEDETTE PRINCIPALE - AUTEUR PRINCIPAL | |
| Auteur | AVERSENQ, Pierre |
| 245 ## - MENTION DU TITRE | |
| Titre | Anti-maladies et parasites |
| Complément de titre | les traitements plante par plante, geste par geste |
| 246 ## - VARIANTE DU TITRE | |
| Titre parallèle | Pests and diseases |
| 260 ## - PUBLICATION, DIFFUSION, ETC. (ADRESSE BIBLIOGRAPHIQUE) | |
| Lieu d'édition | Paris |
| Nom de l'éditeur | Larousse |
| Année d'édition | 2009 |
| 300 ## - DESCRIPTION MATÉRIELLE | |
| Nombre de pages | 223 p. |
| Illustration | ill. |
| Format | 27 cm |
| 562 ## - NOTE D'IDENTIFICATION DES EXEMPLAIRES ET VERSIONS | |
| Numbre d' exemplaire | 01 exemplaire |
| 942 ## - ADDED ENTRY ELEMENTS (KOHA) | |
| Type document | Ouvrage |
| 653 ## - DESCRIPTEUR LIBRE | |
| Mots clés libres | PARASITE/ORGANISME NUISIBLE/CLASSIFICATION/LUTTE ANTIRAVAGEUR/SYMPTOME/MALADIE DES PLANTES/PROTECTION DES PLANTES |
| statut de retrait | Statut | emplacement permanent | Localisation actuelle | Cote | code à barre | Koha type d'élément |
|---|---|---|---|---|---|---|
| Bibliothèque Centrale | Bibliothèque Centrale | BC_690 97 | BC_690 97 | Ouvrage |